| 000 | 00727pam a2200217 a 4500 | ||
|---|---|---|---|
| 001 | 3824407 | ||
| 005 | 20180206075135.0 | ||
| 008 | 860827s1986 miua b 000 0 eng | ||
| 010 | _a 86020120 | ||
| 020 | _a087944309X | ||
| 040 |
_aDLC _cDLC _dDLC |
||
| 041 | _aeng | ||
| 080 | _a302.35 arn | ||
| 082 | 0 | 0 |
_a302.35 arn _219 |
| 100 | _a48 | ||
| 101 | _asoc | ||
| 245 | 0 | 0 |
_aAuthority and reward in organizations : _ccodirected by Arnold S. Tannenbaum and Tamás Rozgonyi ; coordinated by the European Coordination Centre for Research and Documentation in Social Sciences. |
| 504 | _aBibliography: p. 273-278. | ||
| 906 |
_a7 _bcbc _corignew _d1 _eocip _f19 _gy-gencatlg |
||
| 942 |
_2ddc _cBK |
||
| 999 |
_c41930 _d41930 |
||